01373nam a22003494a 4500001001100000003000800011006001900019007001500038008004100053010001700094020002200111020003500133040002100168035002000189050002200209082001600231100001700247245009200264260006600356300001600422490005300438504006600491533015200557650001500709650001500724650005800739650001500797655002900812710001700841830004000858856012500898ebr5000251CaPaEBRm u cr cn|||||||||000229s2000 ne sb 001 0 eng  z 00023580  z9027250847 (Eur.) z1556199473 (U.S. : alk. paper) aCaPaEBRcCaPaEBR a(OCoLC)7073155714aP325b.N59 2000eb04a401/.432211 aNoh, Eun-Ju.10aMetarepresentationh[electronic resource] :ba relevance-theory approach /cEun-Ju Noh. aAmsterdam ;aPhiladelphia, PA :bJohn Benjamins Pub.,cc2000. axii, 242 p.1 aPragmatics & beyond,x0922-842X ;vnew series 69 aIncludes bibliographical references (p. [221]-236) and index. aElectronic reproduction.bPalo Alto, Calif. :cebrary,d2013.nAvailable via World Wide Web.nAccess may be limited to ebrary affiliated libraries. 0aSemantics. 0aQuotation. 0aGrammar, Comparative and generalxIndirect discourse. 0aRelevance. 7aElectronic books.2local2 aebrary, Inc. 0aPragmatics & beyond ;vnew ser. 69.40uhttp://site.ebrary.com/lib/rucke/Doc?id=5000251zAn electronic book accessible through the World Wide Web; click to view